00770nam a22002177a 450000500170000001000150001702000260003203500140005803700130007208200110008510000200009624500850011625000120020126000410021327000640025430000340031850000190035294200250037199900190039695201370041520170825144043.0 aENG-120078 c600.00a9789386235138 aEN-103610 bDBAD/PUB a363.70 aBharucha, Erach aTextbook of environmental studies for undergraduate courses /cby Erach Bharucha a2nd ed. aHyderabad bUniversities Pressc2017 a3-6-747/1/A & 3-6-754/1, Himayatnagar, bHyderabad e500029 axvii,214p. :c24cm(pbk)bill. aIncludes index 2ddccENh363.70mBHA c143834d143834 001040718NFICaDBADbDBADd2017-08-25eDBAD/PUBg600.00l0o363.70 BHApEN-103610r2017-08-25 00:00:00t1v600.00w2017-08-25yEN